| 000 | 00863cam a2200193 4500 | ||
|---|---|---|---|
| 001 | WS122781 | ||
| 008 | 030627n 000 0 eng u | ||
| 035 | _a(Sirsi) u122781 | ||
| 110 |
_aAustralian Building Energy Council _94472 |
||
| 245 | _aAustralian Building Energy Council | ||
| 520 | _aWeb site for this Australian organisation which aims to articulate the views of the construction industry on energy related matters and to develop best practice in the management of greenhouse gas emissions. Includes case studies of good practice and details of their code of practice. | ||
| 650 | _aORGANISATION | ||
| 650 | _aAUSTRALIA | ||
| 650 | _aINTERNATIONAL | ||
| 650 | _aCONSTRUCTION INDUSTRY | ||
| 690 | _aENVIRONMENTAL AND LAND CONSULTANCY-ENERGY | ||
| 856 | 4 | 0 |
_uhttps://www.abec.com.au _zView the website free of charge at www.abec.com.au... |
| 942 | _n0 | ||
| 999 |
_c120285 _d120285 |
||